鬼谷學校

資料類型: Book 圖書   書目號:55793

Leader xxxxxxxxxx
001 __ PCLIS00055793
005 __ 20220309134530.0
010 0_ |a978-986-5690-79-3|b第1冊 : 平裝|dNT$280
010 0_ |a978-986-5690-83-0|b第2冊 : 平裝|dNT$280
010 0_ |a978-986-5690-86-1|b第3冊 : 平裝|dNT$280
042 __ |anbim
100 __ |a20160324g20162017d  y0chiy09      e
101 0_ |achi
102 __ |atw
105 __ |aa   z   000ay
200 1_ |a鬼谷學校|f郭文峰著
205 __ |a初版
210 __ |a臺北市|c龍少年出版|c龍圖騰文化發行|a新北市汐止區|c聯寶國際文化總經銷|d2016-2017[民105-106]
211 __ |a1605
215 0_ |a3冊|c|d21公分
225 1_ |a少年群俠傳|vNLB01-NLB03
300 __ |a附錄: 鬼谷學校人物原型大揭祕
327 1_ |a1, 兵法班的插班生--2, 森林裡的祕密--3, 顛倒八門陣
463 _0 |12001 |a兵法班的插班生|zchi
463 _0 |12001 |a森林裡的祕密|zchi
463 _0 |12001 |a顛倒八門陣|zchi
681 __ |a859.6|b8466
681 __ |a857.7|b8466
700 _1 |a|b文峰|4801 _0 |atw|bCIP
801 _1 |atw|b內湖高中|c20220129|gCCR
801 _2 |atw|b內湖高中|c20220129|gCCR
詳細館藏 1-3 筆 (共 3 筆)
索 書 號登 錄 號冊次號館別 / 館藏地流通類型狀態加入預約清單電子資源
859.6 / 8466 2020776 v.1 圖書館 / 一樓普通區 可外借30天 在館   
859.6 / 8466 2020777 v.2 圖書館 / 一樓普通區 可外借30天 在館   
859.6 / 8466 2020778 v.3 圖書館 / 一樓普通區 可外借30天 在館   

| 條列資料




目錄查詢 分類查詢 個人資料 圖書薦購 新書查詢 閉館日 排行榜 更多電子資源 Hami書城 線上資料庫 登出

From : 216.73.216.116

  本日流通累計至 15:58:11 借閱 : 8 次 續借 : 0 次 歸還 : 10 次 預約 : 0 次 電子資源 : 0 次


內湖高中圖書館  PCLIS 版本  25.5.0.2